Orthotic intervention for the hand and upper extremity : (رقم التسجيلة. 79533)

تفاصيل مارك
000 -الفاتح
حقل البيانات ثابتة الطول 04053cam a2200493 i 4500
001 - رقم الضبط
رقم الضبط 846520482
003 - محدد رقم الضبط
رقم الضبط OCoLC
005 - وقت وتاريخ اخر تعامل مع التسجيلة
رقم الضبط 20210307104939.0
008 - عناصر البيانات ثابتة الطول - معلومات عامة
حقل البيانات ثابتة الطول 130528s2014 paua 001 0 eng
010 ## - رقم ضبط مكتبة الكونجرس
رقم ضبط مكتبة الكونجرس 2013021398
015 ## - رقم الببليوجرافية الوطنية
رقم الببليوجرافية الوطنية GBB357637
المصدر bnb
020 ## - الرقم الدولى المعيارى للكتب
الرقم الدولى المعيارى للكتاب 9781451145304 (spiral bound)
020 ## - الرقم الدولى المعيارى للكتب
الرقم الدولى المعيارى للكتاب 1451145306 (spiral bound)
035 ## - رقم ضبط النظام
رقم ضبط النظام .b37326417
035 ## - رقم ضبط النظام
رقم ضبط النظام (OCoLC)846520482
رقم الضبط الملغى والمتاح (OCoLC)837956278
-- (OCoLC)865490715
040 ## - مصدر الفهرسة
وكالة الفهرسة الأصلية DNLM/DLC
لغة الفهرسة eng
قواعد الوصف rda
وكالة النسخ DLC
وكالة التعديل NLM
-- UKMGB
-- NEH
-- YDXCP
042 ## - رمز التحقق
رمز التحقق pcc
050 10 - رقم طلب مكتبة الكونجرس
رقم التصنيف RD559
رقم المادة .O77 2014
060 10 - رقم الطلب بالمكتبة الطبية الوطنية
رقم التصنيف WE 26
060 00 - رقم الطلب بالمكتبة الطبية الوطنية
رقم التصنيف 2014 A-055
082 00 - رقم تصنيف ديوى العشرى
رقم التصنيف 617.574044
رقم الطبعة 23
رقم المادة ORI
130 0# - المدخل الرئيسى - عنوان موحد
عنوان موحد Splinting the hand and upper extremity
9 (RLIN) 88754
245 10 - بيان العنوان
العنوان Orthotic intervention for the hand and upper extremity :
بقية العنوان splinting principles and process /
بيان المسئوليه,etc [edited by] MaryLynn Jacobs, Noelle M. Austin
250 ## - بيان الطبعة
بيان الطبعة Second Edition
264 #1 - النشر, التوزيع, ETC. (IMPRINT)
مكان الناشر او الموزع Philadelphia :
اسم الناشر او الموزع Wolters Kluwer Health/Lippincott Williams & Wilkins,
تاريخ النشر أو التوزيع [2014]
300 ## - الوصف المادى
التعداد xix, 660 pages :
تفاصيل ماديه اخرى للوعاء illustrations ;
أبعاد الوعاء 29 cm
500 ## - تبصرة عامة
تبصرة عامة Preceded by: Splinting the hand and upper extremity : principles and process / [edited by] MaryLynn A. Jacobs, Noelle M. Austin. c2003
500 ## - تبصرة عامة
تبصرة عامة Includes index
504 ## - تبصرة ببليوجرافية
تبصرة ببليوجرافية,الخ Includes bibliographical references and index
505 0# - تبصرة محتويات-الفهرس
تبصرة المحتويات المصاغة Concepts of orthotic fundamentals / by MaryLynn Jacobs and Jerry Coverdale -- Anatomical principles / by Noelle M. Austin -- Tissue healing / by Richard A. Bernstein -- Mechanical principles / by Gary P. Austin -- Equipment and materials / by Noelle M. Austin -- Fabrication process / by Noelle M. Austin -- Immobilization orthoses -- Mobilization orthoses -- Restriction orthoses -- Nonarticular orthoses -- Prefabricated orthoses / by Rebecca Harris -- Casting / by Karen Schultz, updated by MaryLynn Jacobs -- Taping techniques / by Ruth Coopee -- Neoprene orthoses / by Sabrina Cassella and Jessica Griffin Scheff -- Stiffness / by Karen Schultz, updated by MaryLynn Jacobs -- Fractures / by Jennifer Stephens Chisar and Nancy Chee -- Arthritis / by MaryLynn Jacobs, Shrikant Chinchalkar, and Joey Pipicelli -- Tendon injuries / by Alexandra MacKenzie -- Peripheral nerves injuries / by MaryLynn Jacobs -- The athlete / by Kimberly Goldie Staines and Evan D. Collins -- Adult neurologic dysfunction / by Salvador Bondoc -- The pediatric patient / by Jill Peck-Murray -- Burns / by Reg Richard and Jonathan Niszczak -- The musician / by Colleen Lowe -- Hand and upper extremity transplantation / by Marie Pace and Kimberly Zeske-Maguire
520 ## - التبصرة الخاصة بالتعليق أو التلخيص
ملخص,الخ "Entry-level occupational therapists are expected to have fundamental skills in splinting theory, design, and fabrication. As occupational therapy students, they gain these skills through didactic courses, fieldwork, or observations. Orthotic Intervention of the Hand and Upper Extremity: Splinting Principles and Process, Second Edition, delivers just that. Instructors need materials to teach students how to apply theory to practice in the area of splinting. This book provides instructors with the pedagogical framework necessary to help students, inexperienced therapists, and expert hand therapists make the right decision whether to fabricate a thermoplastic or neoprene splint, cast, tape, or choose an over-the-counter splint for their patient. This detailed and easy-to-use reference demonstrates splint fabrication techniques and related interventions for the upper extremity and highlights anatomical and biomechanical principles specifically related to splints"--Provided by publisher
650 #0 - المدخل الاضافى بالموضوع-مصطلح موضوعى
مصطلح موضوعي أو اسم جغرافي كعنصر مدخل Splints (Surgery)
9 (RLIN) 88755
650 #0 - المدخل الاضافى بالموضوع-مصطلح موضوعى
مصطلح موضوعي أو اسم جغرافي كعنصر مدخل Hand
التقسيم الفرعي العام Wounds and injuries
-- Treatment
9 (RLIN) 88756
650 #0 - المدخل الاضافى بالموضوع-مصطلح موضوعى
مصطلح موضوعي أو اسم جغرافي كعنصر مدخل Arm
التقسيم الفرعي العام Wounds and injuries
-- Treatment
9 (RLIN) 88757
650 12 - المدخل الاضافى بالموضوع-مصطلح موضوعى
مصطلح موضوعي أو اسم جغرافي كعنصر مدخل Hand
9 (RLIN) 88758
650 12 - المدخل الاضافى بالموضوع-مصطلح موضوعى
مصطلح موضوعي أو اسم جغرافي كعنصر مدخل Splints
9 (RLIN) 88759
650 22 - المدخل الاضافى بالموضوع-مصطلح موضوعى
مصطلح موضوعي أو اسم جغرافي كعنصر مدخل Arm Injuries
التقسيم الفرعي العام rehabilitation
9 (RLIN) 88760
650 22 - المدخل الاضافى بالموضوع-مصطلح موضوعى
مصطلح موضوعي أو اسم جغرافي كعنصر مدخل Arm
9 (RLIN) 88761
650 22 - المدخل الاضافى بالموضوع-مصطلح موضوعى
مصطلح موضوعي أو اسم جغرافي كعنصر مدخل Hand Injuries
التقسيم الفرعي العام rehabilitation
9 (RLIN) 51870
650 22 - المدخل الاضافى بالموضوع-مصطلح موضوعى
مصطلح موضوعي أو اسم جغرافي كعنصر مدخل Orthotic Devices
9 (RLIN) 64577
700 1# - المدخل الاضافى - اسم شخصى
الإسم الشخصى Jacobs, MaryLynn A.,
الدور editor
9 (RLIN) 88762
700 1# - المدخل الاضافى - اسم شخصى
الإسم الشخصى Austin, Noelle M.,
الدور editor
9 (RLIN) 88763
942 ## - عناصر المدخل الإضافي( كوها)
مصدر التصنيف او مخطط الترفيف Dewey Decimal Classification
Koha [default] item type كتاب
المقتنيات
حالة الفقد نموذج السعر الفعال حالة تلف ليس للاعارة رقم الطلب تاريخ الاكتساب الموقع الحالي الباركود الفرع الرئيسي Date last seen نوع المادة فى نظام كوها مصدر التصنيف او خطة الترفيف Total Checkouts
  2021-03-07     617.574044 ORI 2021-03-07 المكتبة المركزية بالمجمعة (CL) 00168151 المكتبة المركزية بالمجمعة (CL) 2021-03-07 كتاب Dewey Decimal Classification  
  2021-03-07     617.574044 ORI 2021-03-07 المكتبة المركزية بالمجمعة (CL) 00168152 المكتبة المركزية بالمجمعة (CL) 2021-03-07 كتاب Dewey Decimal Classification  
  2021-03-07     617.574044 ORI 2021-03-07 المكتبة المركزية بالمجمعة (CL) 00168153 المكتبة المركزية بالمجمعة (CL) 2021-03-07 كتاب Dewey Decimal Classification  
  2021-03-07     617.574044 ORI 2021-03-07 مكتبة كلية العلوم الطبية التطبيقية بالمجمعة - طالبات (AMF) 00168102 مكتبة كلية العلوم الطبية التطبيقية بالمجمعة - طالبات (AMF) 2021-03-07 كتاب Dewey Decimal Classification  
  2021-03-07     617.574044 ORI 2021-03-07 مكتبة كلية العلوم الطبية التطبيقية بالمجمعة - طالبات (AMF) 00168103 مكتبة كلية العلوم الطبية التطبيقية بالمجمعة - طالبات (AMF) 2021-03-07 كتاب Dewey Decimal Classification  
  2021-03-07     617.574044 ORI 2021-03-07 مكتبة مجمع الكليات بالزلفى - طلاب (SZM) 00168100 مكتبة مجمع الكليات بالزلفى - طلاب (SZM) 2021-03-07 كتاب Dewey Decimal Classification  
  2021-03-07     617.574044 ORI 2021-03-07 مكتبة مجمع الكليات بالزلفى - طلاب (SZM) 00168101 مكتبة مجمع الكليات بالزلفى - طلاب (SZM) 2021-03-07 كتاب Dewey Decimal Classification